000 00236nam a2200097Ia 4500
001 714920
005 20250826162915.0
008 250824s9999 xx 000 0 und d
245 0 _aSU ÇÜRÜDÜ
_cAHMET TELLİ
260 _bEVEREST YAYINLARI
999 _c714920
_d714920